000 00725nam a2200205 a 4500
001 000048524
005 20201002061222.0
008 190328s2011 dr a r 000 0 spa d
040 _aDO-SdBNP
_bspa
_cBNPHU
082 _axxxx
_bR382g
245 0 0 _aRelatos ganadores :
_bconcurso literario Letra Natural /
_cSarah Eliza Suzaña Pérez ... [et al.].
260 _aSanto Domingo :
_bAmigo del hogar,
_c2011.
300 _a70 p. :
_bil. ;
_c26 cm.
590 _aInventariado, 2019/BT
700 1 _aSuzaña Pérez, Sarah Eliza
_975949
700 1 _aRodríguez, Karina María
_975950
700 1 _aCaram, María Gabriela
_975951
700 1 _aPérez Hernández, Miguel Ángel
_975952
700 1 _aLópez Tejo, Laura de,
_eil.
_975953
999 _c48012
_d48012